Normal view
MARC view
Entry Personal Name
001 - CONTROL NUMBER
- control field: 31407
003 - CONTROL NUMBER IDENTIFIER
- control field: ARRUPE
005 - DATE AND TIME OF LATEST TRANSACTION
- control field: 20170529115058.0
008 - FIXED-LENGTH DATA ELEMENTS
- fixed length control field: 170529|| aca||aabn | a|a d
040 ## - CATALOGING SOURCE
- Original cataloging agency: ARRUPE
- Transcribing agency: ARRUPE
100 ## - HEADING--PERSONAL NAME
- Personal name: Internatinal Congress of African Historians
670 ## - SOURCE DATA FOUND
- Source citation: Work cat.: (ARRUPE)35585: Internatinal Congress of African Historians, Emerging themes of African History, 1968